000 00244nam a2200097Ia 4500
001 1250597
005 20251031150859.0
008 251031s9999 xx 000 0 und d
245 0 _cHALİL İBRAHİM İZGİ
_aB-5 CÜDA
260 _bERDEM YAYINLARI
999 _c1250597
_d1250597